| 000 | 00640nam a22002055i 4500 | ||
|---|---|---|---|
| 001 | 13619 | ||
| 003 | ES-MaACL | ||
| 005 | 20250528063005.0 | ||
| 007 | t| | ||
| 008 | 930412s1992 sp ||||0| spa j | ||
| 040 |
_aM-BN _bspa _cM-BN |
||
| 080 | _a32(460)"1975/..." | ||
| 100 |
_aOneto, José _9180463 |
||
| 245 | 1 | 0 |
_aDel franquismo al felipismo _b: (anatomía de un cambio de régimen) / _cJosé Oneto. |
| 260 |
_aMadrid : _bEdiciones Tiempo, _cD.L. 1992. |
||
| 300 |
_a160 p. ; _c19 cm. |
||
| 651 | 4 |
_aEspaña- _xPolítica y gobierno- _y1975-1982. _98447 |
|
| 852 |
_aES-MaACL _jL-20965 _bR.121139 |
||
| 999 |
_c13619 _d13619 |
||